Open-economy macroeconomics for developing countries / (Record no. 170648)

MARC details
000 -LEADER
fixed length control field 00954pam a2200277 a 4500
001 - CONTROL NUMBER
control field 4019085
003 - CONTROL NUMBER IDENTIFIER
control field OSt
005 - DATE AND TIME OF LATEST TRANSACTION
control field 20240802101010.0
008 - FIXED-LENGTH DATA ELEMENTS--GENERAL INFORMATION
fixed length control field 971203s1998 enka b 001 0 eng
010 ## - LIBRARY OF CONGRESS CONTROL NUMBER
LC control number 97050580
020 ## - INTERNATIONAL STANDARD BOOK NUMBER
International Standard Book Number 1840644531 (paperback)
040 ## - CATALOGING SOURCE
Original cataloging agency NUST
Transcribing agency NUST
Modifying agency NUST
Language of cataloging eng
Description conventions rda
050 00 - LIBRARY OF CONGRESS CALL NUMBER
Classification number HJ1620 HOS
100 1# - MAIN ENTRY--PERSONAL NAME
Personal name Hossain, Akhand Akhtar.
245 10 - TITLE STATEMENT
Title Open-economy macroeconomics for developing countries /
Statement of responsibility, etc. Akhtar Hossain
260 ## - PUBLICATION, DISTRIBUTION, ETC.
Place of publication, distribution, etc. Cheltenham, UK ;
-- Northampton, MA :
Name of publisher, distributor, etc. Elgar Pub.,
Date of publication, distribution, etc. @1998.
300 ## - PHYSICAL DESCRIPTION
Extent xi, 252 pages. :
Other physical details illustrations. ;
Dimensions 25 cm.
336 ## - CONTENT TYPE
Source rdacontent
Content type term text
Content type code txt
337 ## - MEDIA TYPE
Source rdamedia
Media type term unmediated
Media type code n
338 ## - CARRIER TYPE
Source rdamedia
Carrier type term volume
Carrier type code nc
504 ## - BIBLIOGRAPHY, ETC. NOTE
Bibliography, etc. note Includes bibliographical references and index.
650 #0 - SUBJECT ADDED ENTRY--TOPICAL TERM
Topical term or geographic name entry element Fiscal policy
Geographic subdivision Developing countries.
650 #0 - SUBJECT ADDED ENTRY--TOPICAL TERM
Topical term or geographic name entry element Monetary policy
Geographic subdivision Developing countries.
700 1# - ADDED ENTRY--PERSONAL NAME
Personal name Chowdhury, Anis,
Dates associated with a name 1954-
942 ## - ADDED ENTRY ELEMENTS (KOHA)
Source of classification or shelving scheme Library of Congress Classification
Koha item type Ordinary Loan Books
Classification part HJ1620
Call number prefix HJ
Call number suffix HOS
Suppress in OPAC No
Holdings
Date last seen Total Checkouts Full call number Barcode Accession number Cost, replacement price Price effective from Koha item type Public note Lost status Source of classification or shelving scheme Damaged status Not for loan Collection Withdrawn status Home library Current library Shelving location Date acquired Source of acquisition Cost, normal purchase price
12/13/2023   HJ1620 HOS 92004052706 60067 30.00 05/11/2023 BOOKS Donation   LCC     NFIC   MAIN MAIN GEN 05/11/2023 Book Aid International 30.00
07/30/2024   HJ1620HOS 92004052750 60068 30.00 07/30/2024 BOOKS Donation   LCC     NFIC   MAIN MAIN GEN 07/30/2024 Book Aid International 30.00